| 000 | 00587nam a2200229 a 4500 | ||
|---|---|---|---|
| 999 |
_c1420 _d1420 |
||
| 007 | ta | ||
| 008 | 200101t2013 ii a|||g |||| 001 0 eng d | ||
| 020 |
_a9788131767542 _cRs. 250.00 |
||
| 040 |
_aKO _beng |
||
| 041 | 0 | _aeng | |
| 044 | _aii | ||
| 082 | 0 | 4 |
_223 _a671 _bSh181 |
| 100 | 1 | _aShan, H. S. | |
| 245 | 1 | 0 |
_aManufacturing processes, Vol. 1 / _cH. S. Shan |
| 260 |
_aNoida : _bPearson Education , _c2013. |
||
| 300 |
_aix, 363 p. : _bill. ; _c23 cm |
||
| 504 | _aIncludes Index. | ||
| 650 | 0 |
_aManufacturing processes _vTextbooks |
|
| 904 | _aA_BOSE | ||
| 942 | _cBK | ||